Bank clerks' common written exam (CWE) for recruitment in clerical cadre in 20 public sector banks conducted by IBPS / (Record no. 82494)

MARC details
000 -LEADER
fixed length control field 00676nam a22001937a 4500
005 - DATE AND TIME OF LATEST TRANSACTION
control field 20230427130442.0
010 ## - LCCN (DPL NO)
LC control number ENG-109292
020 ## - INTERNATIONAL STANDARD BOOK NUMBER
International Standard Book Number 8172540086
Terms of availability 200.00
020 ## - INTERNATIONAL STANDARD BOOK NUMBER
International Standard Book Number 9788172540081
Terms of availability 200.00
035 ## - SYSTEM CONTROL NUMBER
System control number EN-92825
037 ## - SOURCE OF ACQUISITION
Source of stock number/acquisition DBAD/PUB
082 ## - DEWEY DECIMAL CLASSIFICATION NUMBER
Classification number 000
100 ## - MAIN ENTRY--PERSONAL NAME
Personal name Subburaj, V.V.K.
245 ## - TITLE STATEMENT
Title Bank clerks' common written exam (CWE) for recruitment in clerical cadre in 20 public sector banks conducted by IBPS /
Statement of responsibility, etc by V.V.K. Subburaj
260 ## - PUBLICATION, DISTRIBUTION, ETC. (IMPRINT)
Place of publication, distribution, etc Chennai
Name of publisher, distributor, etc Sura College of Competition
Date of publication, distribution, etc 2013
270 ## - ADDRESS
Address 1620, 'J' Block, 16th Main Road, Anna Nagar
City Chennai
Postal code 600040
300 ## - PHYSICAL DESCRIPTION
Extent varoius pagings
Dimensions 25cm(pbk)
942 ## - ADDED ENTRY ELEMENTS (KOHA)
Source of classification or shelving scheme Dewey Decimal Classification
Item type English Books
Call number suffix SUB
Classification part 000
Holdings
Withdrawn status Lost status Not for loan Collection code Home library Current library Date acquired Source of acquisition Cost, normal purchase price Full call number Barcode Copy number Cost, replacement price Koha item type
      Non-fiction Patel Nagar Patel Nagar 13/02/2014 DBAD/PUB 200.00 000 SUB EN-92825 1 200.00 English Books

© Delhi Public Library
Hit Counter
free hit counter